| 000 | 01070nam a22001817a 4500 | ||
|---|---|---|---|
| 003 | OSt | ||
| 005 | 20251111164953.0 | ||
| 008 | 251111b |||||||| |||| 00| 0 eng d | ||
| 040 | _cDCL | ||
| 082 | _a၂၉၄.၃၈၂၃၅၉ | ||
| 130 |
_aတိပိဋက။ _pသုတ္တန္တပိဋက။ _pခုဒ္ဒကနိကာယ။ _tမိလိန္ဒပဉှာ၊ _lပါဠိတော်၊ _sနိဿယ။ |
||
| 245 |
_aမိလိန္ဒပဉှာ ပါဠိတော်နိဿယ / _cအရှင်အာဒိစ္စဝံသထေရ်။ |
||
| 264 |
_aရန်ကုန် ၊ _bပြည်ကြီးမဏ္ဍိုင်ပိဋကတ် ပုံနှိပ်တိုက်၊ _c[၁၉၀၉]။ |
||
| 300 |
_aတ၊ ၆၀၉ စာမျက်နှာ ၊ _c၂၅ စင်တီ။ |
||
| 650 |
_aမိလိန္ဒပဉှာ _vပါဠိတော်နိဿယ။ |
||
| 700 | _aအာဒိစ္စဝံသထေရ်၊ အရှင် | ||
| 942 |
_2ddc _cSHORT TERM _n0 |
||
| 999 |
_c2456 _d2456 |
||